000
00338nam a22001337a 4500
003
SGT
020
_a
9789383466818
082
_a
891.4309
_b
T16P
100
_a
परुलेकर, राजू
245
_a
तेआणि मी
260
_b
नवचैतन्य प्रकाशन
_c
2016
300
_a
207
942
_2
ddc
_c
BK
999
_c
30185
_d
30185